000 nam a22 7a 4500
999 _c30255
_d30255
008 190509b xxu||||| |||| 00| 0 eng d
020 _a9780840069306
050 _aHF 5736 .P43 2002
100 _aRead, Judith
245 _aRecords management
_cJudith Read and Mary Lea Ginn
250 _a9th Ed.
260 _aAustralia:
_bSouth-Western,
_c2008.
300 _axii, 434 p. : ill. ; 27cm.
650 _aRecords management
700 _aGinn, Mary Lea
942 _2lcc
_cBOOKS
_hHF 5736 .P43 2002